000 00962nam a22002417a 4500
001 80853
003 BD-RjUL
005 20221127174637.0
008 221127s2007 bg a|||| m||| 00| 0 eng d
035 _a(BD-RjUL)80853
040 _aBD-RjUL
_beng
_cBD-RjUL
_dBD-RjUL
041 _aeng
082 _223
_a583.952
_bRAC 2007
100 _aRahman, Md. Motiur
_96044
245 1 0 _aComparative studies on in vitro regeneration, cell culture and artificial seed production in eggplant (solanum Melongena L.) /
_cBy Md. Motiur Rahman ;
_6Supervisor : M. A. Bari Miah
260 _aRajshahi :
_bInstitute of Biological Sciences, University of Rajshahi,
_c2007
300 _a[12], 171 leaves :
_bill, ;
_c29.cm.
502 _aThesis (M. Phil.) -- Institute of Biological Sciences, University of Rajshahi, 2007
504 _aReferences : Leaves 155 - 171
650 _aEggplants
_vMagnoliopsida
_96045
700 _aMiah, M. A. Bari, Supervisor
_94202
942 _2ddc
_cTHE
999 _c80853
_d80853